Statistiques concernant Nations et Capitales du Royaume-Uni sur une carte

Cliquez ici pour prendre le quiz!

Statistiques générales

  • Ce quiz a été pris 408 fois
  • Le résultat moyen est 7 sur 8

Réponses sur la Carte

Les réponses sont colorées sur une échelle allant du rouge au vert en fonction du pourcentage des utilisateurs qui les ont devinées à leur premier essai. Vous pouvez retrouver ces pourcentages ci-dessous.
 

Statistiques - réponses

Nation / Capitale% Correct
Londres
99%
Angleterre
98%
Ecosse
98%
Irlande du Nord
95%
Pays de Galles
95%
Edimbourg
91%
Belfast
74%
Cardiff
73%

Distribution des résultats

Percentile par nombre de réponses

% des personnes avec chaque résultat

Votre développement - résultats

Vous n’avez pas pris ce quiz